Moisés : (Registro nro. 3720)

Detalles MARC
000 -LEADER
fixed length control field 00797nam a2200193Ia 4500
003 - CONTROL NUMBER IDENTIFIER
control field OSt
005 - DATE AND TIME OF LATEST TRANSACTION
control field 20200616175948.0
008 - FIXED-LENGTH DATA ELEMENTS--GENERAL INFORMATION
fixed length control field 191128s1986 ck a gr 000 j spa d
040 ## - CATALOGING SOURCE
Original cataloging agency CO-JMCR
Transcribing agency CO-JMCR
041 ## - LANGUAGE CODE
Language code of text/sound track or separate title spa
082 04 - DEWEY DECIMAL CLASSIFICATION NUMBER
Classification number H /
Item number MOIm
245 10 - TITLE STATEMENT
Title Moisés :
Remainder of title el hombre que libró a su pueblo de la esclavitud /
260 ## - PUBLICATION, DISTRIBUTION, ETC.
Place of publication, distribution, etc. Bogotá :
Name of publisher, distributor, etc. sociedades Bíblicas Unidas
Date of publication, distribution, etc. 1986
300 ## - PHYSICAL DESCRIPTION
Extent 32 Páginas :
Other physical details ilustraciones a color ;
Dimensions 25 cm.
490 ## - SERIES STATEMENT
Series statement Héroes de la fe
520 ## - SUMMARY, ETC.
Summary, etc. Hay mucho mas sobre la historia de Moisés y del pueblo hebreo. No todo termino despúes de que cruzaron el Mar rojo. Su nueva libertad era solo el pricipio de una gran responsabilida, para el propio pueblo y para Moisés como su líder
650 ## - SUBJECT ADDED ENTRY--TOPICAL TERM
Topical term or geographic name entry element Historias de la Biblia
9 (RLIN) 5659
942 ## - ADDED ENTRY ELEMENTS (KOHA)
Source of classification or shelving scheme Dewey Decimal Classification
Koha item type Books
Existencias
Withdrawn status Lost status Source of classification or shelving scheme Damaged status Not for loan Collection code Home library Current library Date acquired Source of acquisition Cost, normal purchase price Total Checkouts Full call number Barcode Date last seen Copy number Koha item type
    Dewey Decimal Classification     Fiction Biblioteca Pública José María del Castillo y Rada Biblioteca Pública José María del Castillo y Rada 11/28/2019 Donación 0.00   H / MOIm 201807711 11/28/2019 Ej.1 Books